[Event "41st Olympiad Women 2014"]
[Site "Tromso NOR"]
[Date "2014.08.02"]
[Round "1.1"]
[Board "1"]
[White "Lagno, Kateryna"]
[Black "Dahdal, Lougain"]
[Result "1-0"]
[WhiteTitle "GM"]
[BlackTitle "WIM"]
[WhiteElo "2540"]
[BlackElo "1973"]
[WhiteTeam "Russia"]
[BlackTeam "Jordan"]
[WhiteFideId "14109336"]
[BlackFideId "8102880"]
[EventDate "2014.08.02"]

1. e4 c5 2. Nf3 e6 3. d4 cxd4 4. Nxd4 Nc6 5. Nc3 Qb6 6. Nb3 Bb4 7. Qg4 g6 8. Bd2
Nge7 9. a3 Bd6 10. Be3 Qd8 11. f4 f5 12. Qf3 fxe4 13. Nxe4 Bc7 14. Nf6+ Kf7 15.
Ng4 Rf8 16. Bd2 Nd5 17. O-O-O a6 18. Bc4 Nce7 19. Nc5 d6 20. Ne4 b5 21. Ng5+ Kg7
22. Bxd5 Nxd5 23. Qxd5 exd5 24. Bc3+ Rf6 25. Bxf6+ Qxf6 26. Nxf6 Kxf6 27. Nxh7+
Kg7 28. Ng5 Bf5 29. Rhe1 Kf6 30. Rxd5 Rc8 31. c3 Bb8 32. h3 Rc4 33. Re8 Rxf4 34.
Rxb8 Kxg5 35. g4 1-0

[Event "41st Olympiad Women 2014"]
[Site "Tromso NOR"]
[Date "2014.08.02"]
[Round "1.1"]
[Board "3"]
[White "Girya, Olga"]
[Black "Alattar, Ghayda M."]
[Result "1-0"]
[WhiteTitle "WGM"]
[BlackTitle "WFM"]
[WhiteElo "2484"]
[BlackElo "1950"]
[WhiteTeam "Russia"]
[BlackTeam "Jordan"]
[WhiteFideId "4195752"]
[BlackFideId "8101531"]
[EventDate "2014.08.02"]

1. d4 Nf6 2. Nf3 c5 3. d5 g6 4. c4 b5 5. cxb5 a6 6. bxa6 Bxa6 7. Nc3 Bg7 8. e4
Bxf1 9. Kxf1 d6 10. g3 O-O 11. Kg2 Nbd7 12. a4 Nb6 13. Qe2 Qb8 14. Ra3 Qa7 15.
Rd1 Rfd8 16. Nd2 Qa5 17. f3 Nfd7 18. f4 Rdc8 19. Nf3 Qb4 20. Qc2 c4 21. Nd4 Bxd4
22. Rxd4 Nc5 23. Na2 Qa5 24. Bd2 Qa6 25. a5 Nb3 26. axb6 Nxd4 27. Rxa6 Rxa6 28.
b7 Rb8 29. Qxc4 1-0

[Event "41st Olympiad Women 2014"]
[Site "Tromso NOR"]
[Date "2014.08.02"]
[Round "1.1"]
[Board "4"]
[White "Boshra, Alshaeby"]
[Black "Pogonina, Natalija"]
[Result "0-1"]
[WhiteTitle "WFM"]
[BlackTitle "WGM"]
[WhiteElo "1947"]
[BlackElo "2479"]
[WhiteTeam "Jordan"]
[BlackTeam "Russia"]
[WhiteFideId "8102937"]
[BlackFideId "4147855"]
[EventDate "2014.08.02"]

1. d4 Nf6 2. c4 e6 3. Nf3 d5 4. e3 b6 5. Bd3 Bd6 6. Nc3 Bb7 7. Qc2 O-O 8. O-O c5
9. cxd5 exd5 10. Nb5 Be7 11. b3 Nc6 12. a3 a6 13. Nc3 h6 14. Bb2 cxd4 15. exd4
Rc8 16. Bf5 Rc7 17. Qd2 Na5 18. Bc2 Ne4 19. Nxe4 dxe4 20. Ne5 Qd5 21. Rae1 f5
22. f4 Rfc8 23. Bd1 Nxb3 24. Qf2 Bf6 25. Qe3 Na5 26. Rf2 Kh7 27. Qg3 Kg8 28. Qh3
Qe6 29. Rfe2 Bd5 30. Rf2 Nc4 31. Bb3 Nxb2 32. Bxd5 Qxd5 33. Rxb2 Qxd4+ 34. Rf2
Rc1 35. Qb3+ Kh7 0-1

[Event "41st Olympiad Women 2014"]
[Site "Tromso NOR"]
[Date "2014.08.02"]
[Round "1.2"]
[Board "1"]
[White "Sahl, Sheila Barth"]
[Black "Wang, Chengjia"]
[Result "0-1"]
[WhiteTitle "WIM"]
[WhiteElo "2216"]
[BlackElo "1989"]
[WhiteTeam "Norway"]
[BlackTeam "South Korea"]
[WhiteFideId "1500953"]
[BlackFideId "8601844"]
[EventDate "2014.08.02"]

1. e4 d5 2. exd5 Qxd5 3. Nc3 Qa5 4. Bc4 Nf6 5. Nge2 Bg4 6. d3 e6 7. Bd2 c6 8. f3
Bh5 9. g4 Bg6 10. h4 h6 11. Nf4 Bh7 12. Qe2 Qc7 13. O-O-O Bd6 14. Ng2 Nbd7 15.
f4 O-O-O 16. h5 Nb6 17. Bb3 Nfd5 18. Rdf1 Rhe8 19. Ne4 Be7 20. f5 exf5 21. gxf5
Qe5 22. Qg4 Ba3 23. c3 Nb4 24. d4 Bxb2+ 25. Kxb2 Qxe4 26. Qxe4 Rxe4 27. Kc1 N4d5
28. Kd1 Rg4 29. Rh2 Rg3 30. Be1 Rxg2 31. Rxg2 Ne3+ 32. Ke2 Nxg2 33. Bg3 Re8+ 34.
Kf3 Ne3 35. Re1 Bxf5 36. Rxe3 Bg4+ 37. Kxg4 Rxe3 38. Bxf7 Rxc3 39. Be5 Rc1 40.
Bg6 Nd5 41. Bxg7 Rg1+ 42. Kf5 Ne7+ 43. Kf6 Nd5+ 44. Kf5 Ra1 45. Bxh6 Rxa2 46.
Bg7 a5 47. h6 Ne7+ 48. Kf6 Ng8+ 49. Kf7 Nxh6+ 50. Bxh6 a4 51. Ke7 Kc7 52. Bf4+
Kb6 53. Kd7 a3 54. Bc7+ Ka7 55. Kc8 Rd2 56. Bf4 a2 57. Bxd2 a1=Q 58. Be3 Qa3 59.
Bg5 Qf8+ 60. Bd8 Qg7 61. Bf5 Qxd4 0-1

[Event "41st Olympiad Women 2014"]
[Site "Tromso NOR"]
[Date "2014.08.02"]
[Round "1.2"]
[Board "2"]
[White "Lim, Hakyung"]
[Black "Bjerke, Silje"]
[Result "0-1"]
[WhiteTitle "WCM"]
[BlackTitle "WIM"]
[WhiteElo "1567"]
[BlackElo "2189"]
[WhiteTeam "South Korea"]
[BlackTeam "Norway"]
[WhiteFideId "13200615"]
[BlackFideId "1502786"]
[EventDate "2014.08.02"]

1. d4 Nf6 2. c4 e6 3. Nc3 Bb4 4. Qc2 O-O 5. Nf3 c5 6. dxc5 Na6 7. e3 Nxc5 8. Bd3
Nxd3+ 9. Qxd3 b6 10. O-O Bb7 11. Nd4 d5 12. cxd5 Nxd5 13. Nce2 e5 14. Nf3 Nc3
15. Qc4 Qd5 16. Qxb4 Nxe2+ 17. Kh1 Qxf3 0-1

[Event "41st Olympiad Women 2014"]
[Site "Tromso NOR"]
[Date "2014.08.02"]
[Round "1.2"]
[Board "3"]
[White "Dolzhikova, Olga"]
[Black "Cho, Yeonhee"]
[Result "1-0"]
[WhiteTitle "WGM"]
[BlackTitle "WCM"]
[WhiteElo "2166"]
[BlackElo "1525"]
[WhiteTeam "Norway"]
[BlackTeam "South Korea"]
[WhiteFideId "14105870"]
[BlackFideId "13201190"]
[EventDate "2014.08.02"]

1. e4 e5 2. Nf3 Nc6 3. Bc4 Bc5 4. c3 Nf6 5. d3 d6 6. Bb3 O-O 7. h3 Ne7 8. Nbd2
Ng6 9. d4 Bb6 10. O-O Re8 11. Re1 h6 12. Bc2 c6 13. Nf1 Qc7 14. Ng3 Be6 15. a3
Rad8 16. Be3 a6 17. Qd2 Kh7 18. Rad1 Rd7 19. Qc1 Qd8 20. Nf5 Ng8 21. g4 Bc7 22.
d5 Bxf5 23. exf5 Nf8 24. g5 h5 25. g6+ fxg6 26. fxg6+ Kh8 27. Bg5 Nf6 28. Bf5
Rde7 29. Bxf6 gxf6 30. Qh6+ Kg8 31. c4 e4 32. Nd4 c5 33. Ne6 Qb8 34. Nxf8 1-0

[Event "41st Olympiad Women 2014"]
[Site "Tromso NOR"]
[Date "2014.08.02"]
[Round "1.2"]
[Board "4"]
[White "Kim, Yubin"]
[Black "Koskela, Niina"]
[Result "0-1"]
[BlackTitle "WGM"]
[WhiteElo "1421"]
[BlackElo "2213"]
[WhiteTeam "South Korea"]
[BlackTeam "Norway"]
[WhiteFideId "13202316"]
[BlackFideId "500755"]
[EventDate "2014.08.02"]

1. e4 e5 2. Nf3 Nc6 3. d4 exd4 4. Nxd4 Nf6 5. Bg5 h6 6. Bh4 g5 7. Bg3 Nxe4 8.
Nxc6 dxc6 9. Qxd8+ Kxd8 10. Bd3 Nxg3 11. hxg3 Bg7 12. c3 Ke7 13. Nd2 Rd8 14. Bc4
b6 15. O-O-O Bb7 16. Rhe1+ Kf8 17. Re2 Re8 18. Rde1 Rxe2 19. Rxe2 Rd8 20. Nf3 c5
21. Re3 Bf6 22. Kc2 g4 23. Ne5 Bxe5 24. Rxe5 Bxg2 25. Be2 Bd5 26. Bxg4 Bxa2 27.
Re4 Bd5 28. Re5 a5 29. Re3 a4 30. Be2 Bb3+ 31. Kc1 Rd6 32. Re4 c6 33. Re3 Be6
34. Kc2 c4 35. Kc1 b5 36. Re4 Bd5 37. Re5 Rd8 38. Re3 Kg7 39. Kc2 Kf6 40. Kc1
Be6 41. Rf3+ Ke5 42. Re3+ Kd6 43. Kc2 Ra8 44. Rf3 Bg4 45. Re3 Bf5+ 46. Kc1 a3
47. bxa3 Rxa3 48. Kb2 Ra8 49. Bh5 Be6 50. Rf3 Ke7 51. Re3 Rd8 52. Bf3 Kd6 53.
Re4 Kc7 54. Re2 Kb6 55. Kc2 c5 56. Be4 b4 57. Bf3 Rd3 58. Re3 Bf5 59. Rxd3 cxd3+
60. Kb3 Be6+ 61. Kb2 Kb5 62. cxb4 Kxb4 63. Be4 c4 64. Kc1 Kc3 65. f3 Bd7 66. f4
d2+ 67. Kb1 d1=Q+ 68. Ka2 Qc1 69. g4 Qb2# 0-1

[Event "41st Olympiad Women 2014"]
[Site "Tromso NOR"]
[Date "2014.08.02"]
[Round "1.3"]
[Board "1"]
[White "Steil-Antoni, Fiona"]
[Black "Muzychuk, Mariya"]
[Result "0-1"]
[WhiteTitle "WIM"]
[BlackTitle "IM"]
[WhiteElo "2112"]
[BlackElo "2530"]
[WhiteTeam "Luxembourg"]
[BlackTeam "Ukraine"]
[WhiteFideId "4001249"]
[BlackFideId "14114550"]
[EventDate "2014.08.02"]

1. e4 c5 2. Nf3 Nc6 3. c3 e5 4. Bc4 Qc7 5. d3 Nf6 6. a4 Be7 7. O-O d6 8. Na3 O-O
9. Nc2 Be6 10. Qe2 Na5 11. Bg5 Nxc4 12. dxc4 Nh5 13. Bxe7 Nf4 14. Qd2 Qxe7 15.
Ne3 f5 16. exf5 Bxf5 17. Nxf5 Rxf5 18. Rad1 e4 19. Ne1 Raf8 20. Qe3 Qe6 21. b3
d5 22. cxd5 Nxd5 23. Rxd5 Rxd5 24. Nc2 Rd3 25. Qxc5 Qxb3 26. Ne3 Qxc3 27. Qxa7
Qd4 28. Qxd4 Rxd4 0-1

[Event "41st Olympiad Women 2014"]
[Site "Tromso NOR"]
[Date "2014.08.02"]
[Round "1.3"]
[Board "3"]
[White "Kremer, Nadine"]
[Black "Zhukova, Natalia"]
[Result "0-1"]
[BlackTitle "GM"]
[WhiteElo "1844"]
[BlackElo "2468"]
[WhiteTeam "Luxembourg"]
[BlackTeam "Ukraine"]
[WhiteFideId "4002970"]
[BlackFideId "14101513"]
[EventDate "2014.08.02"]

1. e4 e6 2. Nf3 d5 3. Nc3 Nf6 4. e5 Nfd7 5. d4 c5 6. dxc5 Nc6 7. Bf4 Nxc5 8. a3
Be7 9. h4 f6 10. Bd3 Nxd3+ 11. Qxd3 fxe5 12. Nxe5 O-O 13. Qg3 Bf6 14. f3 Qb6 15.
O-O-O Bxe5 16. Bxe5 Qe3+ 17. Kb1 Qxe5 0-1

[Event "41st Olympiad Women 2014"]
[Site "Tromso NOR"]
[Date "2014.08.02"]
[Round "1.3"]
[Board "4"]
[White "Gaponenko, Inna"]
[Black "Bakalarz, Grazyna"]
[Result "1-0"]
[WhiteTitle "IM"]
[BlackTitle "WFM"]
[WhiteElo "2379"]
[BlackElo "1972"]
[WhiteTeam "Ukraine"]
[BlackTeam "Luxembourg"]
[WhiteFideId "14101181"]
[BlackFideId "4000730"]
[EventDate "2014.08.02"]

1. e4 e5 2. Nf3 Nf6 3. Nxe5 d6 4. Nf3 Nxe4 5. d4 d5 6. Bd3 Be7 7. O-O Nc6 8. c4
Nb4 9. Be2 O-O 10. Nc3 Bf5 11. a3 Nxc3 12. bxc3 Nc6 13. cxd5 Qxd5 14. Re1 Bf6
15. Bf4 Rac8 16. Qc1 Na5 17. c4 Qd7 18. Qc3 Nc6 19. Rad1 Rfe8 20. Ne5 Bxe5 21.
dxe5 Qe6 22. Bf3 Rcd8 23. Bd5 Qg6 24. h3 Be6 25. Rd3 Bxd5 26. cxd5 Ne7 27. d6
cxd6 28. exd6 Nf5 29. Rxe8+ Rxe8 30. d7 Rd8 31. Bc7 Nh4 32. Rg3 1-0

[Event "41st Olympiad Women 2014"]
[Site "Tromso NOR"]
[Date "2014.08.02"]
[Round "1.4"]
[Board "1"]
[White "Dzagnidze, Nana"]
[Black "Samaganova, Alexandra"]
[Result "1-0"]
[WhiteTitle "GM"]
[WhiteElo "2550"]
[BlackElo "2012"]
[WhiteTeam "Georgia"]
[BlackTeam "Kyrgyzstan"]
[WhiteFideId "13601903"]
[BlackFideId "13800221"]
[EventDate "2014.08.02"]

1. d4 Nf6 2. Nf3 e6 3. Bg5 Be7 4. e3 b6 5. Bd3 Bb7 6. O-O d6 7. Nbd2 c5 8. c3
Nc6 9. e4 cxd4 10. cxd4 O-O 11. Re1 h6 12. Be3 Ng4 13. Bf4 e5 14. Bg3 exd4 15.
Nb3 Nge5 16. Nbxd4 Nxd3 17. Qxd3 Nb4 18. Qd2 Na6 19. Nf5 Re8 20. Bxd6 Bxd6 21.
Nxd6 Re7 22. Rad1 Qc7 23. Nh4 Nc5 24. Nhf5 Rd7 25. Qc3 Ne6 26. Qg3 Kh7 27. e5
Rg8 28. Nd4 Nxd4 29. Rxd4 Qc2 30. Qd3+ Qxd3 31. Rxd3 Rc7 32. f4 Rd8 33. Red1 Ba8
34. Kf2 g6 35. R1d2 a6 36. Ke3 b5 37. Rc3 Re7 38. g3 g5 39. Nf5 Red7 40. Rd6
Rxd6 41. Nxd6 Rd7 42. Kd4 Kg7 43. Rc8 Bf3 44. Kc5 Bg4 45. f5 Be2 46. Ne8+ 1-0

[Event "41st Olympiad Women 2014"]
[Site "Tromso NOR"]
[Date "2014.08.02"]
[Round "1.4"]
[Board "2"]
[White "Alymbay, Kyzy Aizhan"]
[Black "Khotenashvili, Bela"]
[Result "0-1"]
[BlackTitle "GM"]
[WhiteElo "1859"]
[BlackElo "2494"]
[WhiteTeam "Kyrgyzstan"]
[BlackTeam "Georgia"]
[WhiteFideId "13800043"]
[BlackFideId "13602640"]
[EventDate "2014.08.02"]

1. e4 c6 2. d4 d5 3. Nc3 g6 4. Nf3 Bg7 5. Be2 Nh6 6. O-O O-O 7. Re1 f6 8. b3 Nf7
9. Ba3 Re8 10. Rb1 a6 11. Bf1 Qa5 12. Bb2 e6 13. exd5 cxd5 14. Na4 Nd6 15. c4 b5
16. cxb5 axb5 17. Nc5 Na6 18. Nd3 b4 19. Ra1 Ne4 20. Nd2 Bb7 21. Nxe4 dxe4 22.
Nf4 Rad8 23. Bc4 Nc7 24. Qe2 Qf5 25. Nh3 g5 26. Kh1 Re7 27. a3 bxa3 28. Rxa3 g4
29. Ng1 Nd5 30. Ra5 Qg6 31. Qxe4 Qxe4 32. Rxe4 f5 33. Re1 Nf4 34. f3 Bd5 35.
Bxd5 Rxd5 36. Rxd5 Nxd5 37. fxg4 fxg4 38. h3 g3 39. Rd1 h5 40. Bc1 Bf6 41. Nf3
Rb7 42. Rd3 Rc7 43. Bd2 Ra7 44. Kg1 Ra1+ 45. Ne1 h4 46. Kf1 Ra2 47. Nf3 Kg7 48.
Ne5 Ra1+ 49. Ke2 Rg1 50. Kf3 Be7 51. Ng4 Kg6 52. Be3 Rf1+ 53. Ke4 Bd6 54. Bd2
Rg1 55. Kf3 Kh5 56. Be3 Rf1+ 57. Ke2 Rb1 58. Bd2 Bf4 59. Nf6+ Nxf6 60. Bxf4 Rg1
61. Kf3 Rf1+ 0-1

[Event "41st Olympiad Women 2014"]
[Site "Tromso NOR"]
[Date "2014.08.02"]
[Round "1.4"]
[Board "3"]
[White "Melia, Salome"]
[Black "Shyngys Kyzy, Aijarkyn"]
[Result "1-0"]
[WhiteTitle "IM"]
[WhiteElo "2475"]
[BlackElo "1800"]
[WhiteTeam "Georgia"]
[BlackTeam "Kyrgyzstan"]
[WhiteFideId "13602446"]
[BlackFideId "13800531"]
[EventDate "2014.08.02"]

1. e4 e5 2. Bc4 Nf6 3. Qe2 Bc5 4. c3 O-O 5. Nf3 d5 6. exd5 e4 7. Nd4 Bxd4 8.
cxd4 Bg4 9. Qe3 Nxd5 10. Bxd5 Qxd5 11. Nc3 Qd7 12. O-O f5 13. d3 exd3 14. Qxd3
Nc6 15. d5 Ne5 16. Qd4 Nf7 17. f3 Bh5 18. Bf4 a6 19. Na4 b6 20. Rac1 Rac8 21.
Rfd1 Rfd8 22. Qb4 a5 23. Qb3 Nd6 24. Bxd6 Qxd6 25. Rc6 Qe5 26. d6+ Bf7 27. Qc2
Bd5 28. Rxc7 Rxc7 1-0

[Event "41st Olympiad Women 2014"]
[Site "Tromso NOR"]
[Date "2014.08.02"]
[Round "1.4"]
[Board "4"]
[White "Omurbekova, Diana"]
[Black "Batsiashvili, Nino"]
[Result "0-1"]
[BlackTitle "IM"]
[WhiteElo "1707"]
[BlackElo "2435"]
[WhiteTeam "Kyrgyzstan"]
[BlackTeam "Georgia"]
[WhiteFideId "13800752"]
[BlackFideId "13602993"]
[EventDate "2014.08.02"]

1. Nf3 d5 2. g3 Nc6 3. d4 Nf6 4. Bg2 e6 5. O-O Be7 6. b3 O-O 7. Ba3 b6 8. Bxe7
Nxe7 9. Nbd2 Bb7 10. e3 c5 11. Re1 Rc8 12. Rc1 cxd4 13. exd4 Nf5 14. c3 Rc7 15.
Ne5 Qc8 16. Nb1 Rd8 17. h4 Ne4 18. Bxe4 dxe4 19. Nc4 b5 20. Ne3 e5 21. Qg4 Nxd4
22. Qxc8 Rdxc8 23. Kg2 Ne6 24. Rcd1 Nc5 25. Re2 Nd3 26. Na3 a6 27. c4 b4 28.
Nac2 g6 29. Ne1 f5 30. f3 exf3+ 31. Nxf3 e4 32. Nd4 f4 33. gxf4 Nxf4+ 34. Kf2
Nxe2 35. Kxe2 Rd8 36. Nec2 a5 37. Rg1 Rf7 38. Rg5 Ra8 39. Ne3 Kf8 40. Ne6+ Ke7
41. Nc5 Kd6 42. Nxb7+ Rxb7 43. Rd5+ Kc6 44. Ng4 a4 45. Ne5+ Kc7 46. Ke3 axb3 47.
axb3 Ra3 48. Kxe4 Rxb3 49. Nd7 Rh3 50. Ke5 Rxh4 51. c5 Rh5+ 52. Ke6 Rxd5 53.
Kxd5 b3 54. Nb6 Rxb6 55. cxb6+ Kxb6 56. Ke5 0-1

[Event "41st Olympiad Women 2014"]
[Site "Tromso NOR"]
[Date "2014.08.02"]
[Round "1.5"]
[Board "1"]
[White "Milligan, Helen"]
[Black "Tania, Sachdev"]
[Result "0-1"]
[WhiteTitle "CM"]
[BlackTitle "IM"]
[WhiteElo "1938"]
[BlackElo "2418"]
[WhiteTeam "New Zealand"]
[BlackTeam "India"]
[WhiteFideId "2401312"]
[BlackFideId "5007844"]
[EventDate "2014.08.02"]

1. e4 e5 2. Nf3 Nc6 3. Bb5 a6 4. Ba4 Nf6 5. O-O b5 6. Bb3 Be7 7. Re1 O-O 8. d3
d6 9. c3 Na5 10. Bc2 c5 11. h3 Nc6 12. Nbd2 Qc7 13. Nf1 Re8 14. Ng3 h6 15. a4
Be6 16. Be3 d5 17. axb5 axb5 18. Rxa8 Rxa8 19. Nf5 Bxf5 20. exf5 Bd6 21. Nh4 d4
22. Bc1 c4 23. Qf3 Ra1 24. dxc4 bxc4 25. Be4 Na5 26. Bd2 Rxe1+ 27. Bxe1 d3 28.
Bxd3 cxd3 29. Qxd3 e4 30. Qa6 Nc4 31. b4 Ne5 32. Bd2 Nc4 33. Be1 Kh7 34. Qa8 Bf4
35. g3 Bd2 36. Ng2 Bxe1 37. Nxe1 Qe5 0-1

[Event "41st Olympiad Women 2014"]
[Site "Tromso NOR"]
[Date "2014.08.02"]
[Round "1.5"]
[Board "2"]
[White "Karavade, Eesha"]
[Black "Meyer, Marany"]
[Result "1-0"]
[WhiteTitle "IM"]
[BlackTitle "WIM"]
[WhiteElo "2392"]
[BlackElo "2064"]
[WhiteTeam "India"]
[BlackTeam "New Zealand"]
[WhiteFideId "5012600"]
[BlackFideId "14300435"]
[EventDate "2014.08.02"]

1. d4 Nf6 2. c4 g6 3. Nc3 Bg7 4. e4 d6 5. Be2 O-O 6. Be3 a6 7. h3 c6 8. Nf3 Qc7
9. O-O b5 10. Qc2 Bb7 11. e5 dxe5 12. dxe5 Nfd7 13. e6 Ne5 14. exf7+ Nxf7 15.
Ne4 Qc8 16. Nfg5 h6 17. Nxf7 Rxf7 18. Bg4 Qe8 19. Be6 Bc8 20. Bxf7+ Qxf7 21.
Rad1 Qe8 22. Bd4 Nd7 23. cxb5 cxb5 24. Qc6 Rb8 25. Qe6+ Qf7 26. Qxf7+ Kxf7 27.
Bxg7 Kxg7 28. Rfe1 Rb6 29. Nc3 e6 30. Ne4 Nf8 31. Nc5 Kf7 32. Rd8 Rc6 33. b4 Ke7
34. Red1 Rc7 35. f4 a5 36. a3 axb4 37. axb4 Nd7 38. Rxc8 Rxc8 39. Rxd7+ Kf6 40.
Rb7 g5 41. Ne4+ Kg6 42. fxg5 hxg5 43. Rxb5 g4 44. Rg5+ Kh6 45. Rxg4 1-0

[Event "41st Olympiad Women 2014"]
[Site "Tromso NOR"]
[Date "2014.08.02"]
[Round "1.5"]
[Board "3"]
[White "Gao, Judy"]
[Black "Gomes, Mary Ann"]
[Result "0-1"]
[WhiteTitle "WFM"]
[BlackTitle "WGM"]
[WhiteElo "1947"]
[BlackElo "2352"]
[WhiteTeam "New Zealand"]
[BlackTeam "India"]
[WhiteFideId "4302257"]
[BlackFideId "5013623"]
[EventDate "2014.08.02"]

1. d4 Nf6 2. Nf3 g6 3. Bf4 Bg7 4. e3 d6 5. h3 Nbd7 6. Nbd2 O-O 7. c3 b6 8. Bc4
Bb7 9. O-O Qe8 10. Qc2 a6 11. e4 e5 12. dxe5 dxe5 13. Bh2 Qe7 14. Rad1 Ne8 15.
Rfe1 Nd6 16. Bd5 c6 17. Bb3 Nc5 18. Nc4 Nxc4 19. Bxc4 b5 20. Bf1 a5 21. Rd2 Bh6
22. Bxe5 Bxd2 23. Qxd2 Rad8 24. Qe3 Ne6 25. Nd4 f6 26. Bg3 Nxd4 27. cxd4 Qb4 28.
Rd1 c5 29. d5 Rfe8 30. a3 Qxe4 31. Qxc5 Rxd5 32. Rxd5 Qxd5 33. Qxb5 Re1 34.
Qxd5+ Bxd5 35. f3 Rb1 36. Kf2 Rxb2+ 37. Ke3 h5 38. Bc7 a4 39. Kd4 Bb3 40. Bd3
Rxg2 0-1

[Event "41st Olympiad Women 2014"]
[Site "Tromso NOR"]
[Date "2014.08.02"]
[Round "1.5"]
[Board "4"]
[White "Padmini, Rout"]
[Black "Tsoi, Nicole"]
[Result "1-0"]
[WhiteTitle "WGM"]
[BlackTitle "WFM"]
[WhiteElo "2318"]
[BlackElo "1787"]
[WhiteTeam "India"]
[BlackTeam "New Zealand"]
[WhiteFideId "5029295"]
[BlackFideId "4302605"]
[EventDate "2014.08.02"]

1. e4 e6 2. d4 d5 3. e5 c5 4. c3 Nc6 5. Nf3 Bd7 6. Be2 Qc7 7. O-O f6 8. c4 Nxd4
9. Nxd4 cxd4 10. cxd5 fxe5 11. dxe6 Bxe6 12. Bb5+ Kf7 13. f4 Nf6 14. fxe5 Qxe5
15. Bd3 Be7 16. Bf4 Qd5 17. Nd2 Rac8 18. Nf3 Rhe8 19. b3 Kf8 20. Bc4 Qc6 21. Bd3
Red8 22. Ng5 Kg8 23. Rc1 Qd7 24. Rc7 Rxc7 25. Bxc7 Bg4 26. Qc2 Rc8 27. Bc4+ Kh8
28. Nf7+ 1-0

[Event "41st Olympiad Women 2014"]
[Site "Tromso NOR"]
[Date "2014.08.02"]
[Round "1.6"]
[Board "1"]
[White "Peptan, Corina-Isabela"]
[Black "Vargas, Gabriela"]
[Result "1-0"]
[WhiteTitle "IM"]
[BlackTitle "WFM"]
[WhiteElo "2422"]
[BlackElo "2112"]
[WhiteTeam "Romania"]
[BlackTeam "Paraguay"]
[WhiteFideId "1201930"]
[BlackFideId "3700860"]
[EventDate "2014.08.02"]

1. e4 e6 2. Qe2 Be7 3. Nf3 Nf6 4. g3 d5 5. d3 dxe4 6. dxe4 b6 7. Bg2 Ba6 8. c4
Bb4+ 9. Nbd2 Bb7 10. O-O a5 11. e5 Nfd7 12. Ne4 O-O 13. Neg5 Be7 14. Qc2 g6 15.
Bf4 Nc5 16. Rad1 Qc8 17. h4 h6 18. Nh3 Be4 19. Qc3 h5 20. Nhg5 Bc6 21. Nd4 Bxg2
22. Kxg2 Qb7+ 23. Qf3 Qxf3+ 24. Kxf3 a4 25. g4 hxg4+ 26. Kxg4 Bxg5 27. Bxg5 Ne4
28. Be3 Rd8 29. Kf3 Nc5 30. h5 Ncd7 31. Bf4 c5 32. Nb5 Nc6 33. Rde1 Nd4+ 34.
Nxd4 cxd4 35. hxg6 fxg6 36. Rg1 Kf7 37. Rh1 Nf8 38. Ke4 Rac8 39. Kd3 Kg8 40. Bg5
Rd7 41. Rh4 Rh7 42. Rxh7 Nxh7 43. Bd2 Nf8 44. Kxd4 Rd8+ 45. Kc3 Nd7 46. Re4 Rc8
47. Kb4 Kf7 48. Be3 Ra8 49. a3 Ke7 50. Bd4 Ra5 51. f4 Ra8 52. Re2 Rf8 53. Rf2 1-0

[Event "41st Olympiad Women 2014"]
[Site "Tromso NOR"]
[Date "2014.08.02"]
[Round "1.6"]
[Board "2"]
[White "Perez Rodriguez, Jennifer"]
[Black "L'Ami, Alina"]
[Result "1/2-1/2"]
[WhiteTitle "WIM"]
[BlackTitle "WGM"]
[WhiteElo "2211"]
[BlackElo "2446"]
[WhiteTeam "Paraguay"]
[BlackTeam "Romania"]
[WhiteFideId "3507831"]
[BlackFideId "1210246"]
[EventDate "2014.08.02"]

1. d4 Nf6 2. Bg5 e6 3. Nd2 h6 4. Bh4 c5 5. e3 cxd4 6. exd4 Be7 7. Ngf3 O-O 8.
Bd3 Nc6 9. c3 Nd5 10. Bxe7 Ncxe7 11. O-O b6 12. Re1 Bb7 13. a4 Qc7 14. a5 bxa5
15. Nb3 Rab8 16. Nxa5 Nf4 17. Ra2 Ba8 18. Bf1 f5 19. Ne5 Rf6 20. f3 Nfd5 21. Qa4
Nb6 22. Qa3 d6 23. Nec4 Bd5 24. b3 Rd8 25. Qb4 Ng6 26. Nxb6 axb6 27. Nc4 Bxc4
28. Qxc4 Qxc4 29. bxc4 Ne7 30. Ra7 Nc8 31. Rb7 Kf8 32. Ra1 Rf7 33. Rb8 Ke7 34.
Raa8 Rff8 35. Rb7+ Rd7 36. Rbb8 Rdd8 37. Rb7+ Rd7 38. Rbb8 Rdd8 39. Rb7+ 1/2-1/2

[Event "41st Olympiad Women 2014"]
[Site "Tromso NOR"]
[Date "2014.08.02"]
[Round "1.6"]
[Board "3"]
[White "Bulmaga, Irina"]
[Black "Perez, Dalila"]
[Result "1-0"]
[WhiteTitle "IM"]
[WhiteElo "2354"]
[BlackElo "1791"]
[WhiteTeam "Romania"]
[BlackTeam "Paraguay"]
[WhiteFideId "13903063"]
[BlackFideId "3702014"]
[EventDate "2014.08.02"]

1. e4 e6 2. d4 d5 3. Nc3 Bb4 4. exd5 exd5 5. Bd3 Ne7 6. Qf3 Nbc6 7. Ne2 Be6 8.
Bg5 Qd7 9. h3 Bf5 10. O-O-O O-O-O 11. Bxf5 Qxf5 12. Qxf5+ Nxf5 13. Bxd8 Rxd8 14.
g4 Nh4 15. Rd3 g5 16. a3 Ba5 17. b4 Bb6 18. Na4 f5 19. c3 f4 20. Ng1 Ne7 21. Nf3
Nxf3 22. Rxf3 Ng6 23. Re1 Kd7 24. Rd3 Rf8 25. Kc2 h6 26. Rd2 Rf7 27. Rde2 Nh4
28. Rd1 Ng6 29. c4 Re7 30. Rxe7+ Nxe7 31. c5 Bxc5 32. Nxc5+ Kc6 33. Re1 1-0

[Event "41st Olympiad Women 2014"]
[Site "Tromso NOR"]
[Date "2014.08.02"]
[Round "1.6"]
[Board "4"]
[White "Avalos, Leticia"]
[Black "Cosma, Elena-Luminita"]
[Result "0-1"]
[WhiteTitle "WCM"]
[BlackTitle "WGM"]
[WhiteElo "1687"]
[BlackElo "2327"]
[WhiteTeam "Paraguay"]
[BlackTeam "Romania"]
[WhiteFideId "3702073"]
[BlackFideId "1201590"]
[EventDate "2014.08.02"]

1. d4 d5 2. c4 e6 3. Nf3 Nf6 4. Nc3 c5 5. e3 a6 6. cxd5 exd5 7. Bd3 Nc6 8. O-O
Bg4 9. h3 Bh5 10. Re1 Be7 11. dxc5 O-O 12. Be2 Bxc5 13. a3 Ba7 14. b4 Re8 15.
Bb2 Rc8 16. Qb3 d4 17. Red1 Qe7 18. exd4 Bxf3 19. Bxf3 Nxd4 20. Rxd4 Bxd4 21.
Nd5 Qe5 22. Bxd4 Qxd4 23. Rd1 Qe5 24. Nxf6+ Qxf6 25. Bxb7 Rcd8 26. Rxd8 Rxd8 27.
Qe3 g6 28. g3 Kg7 29. Kg2 Rd6 30. Qe2 Qc3 31. Bxa6 Qc6+ 32. Kh2 Qxa6 33. Qe8
Qxa3 34. b5 Qf3 35. Qe5+ Rf6 36. h4 Qxf2+ 37. Kh3 Qf5+ 0-1